Stroke and rehabitationl / (Record no. 131622)

MARC details
000 -LEADER
fixed length control field 00718nam a22002417a 4500
005 - DATE AND TIME OF LATEST TRANSACTION
control field 20170124110132.0
010 ## - LIBRARY OF CONGRESS CONTROL NUMBER
LC control number A-806120
020 ## - INTERNATIONAL STANDARD BOOK NUMBER
Terms of availability 37.00
International Standard Book Number 812371727X
035 ## - SYSTEM CONTROL NUMBER
System control number A-806120
037 ## - SOURCE OF ACQUISITION
Source of stock number/acquisition Cen Lib/Ret
040 ## - CATALOGING SOURCE
Original cataloging agency DPL
Language of cataloging EN
082 ## - DEWEY DECIMAL CLASSIFICATION NUMBER
Classification number 616.81
Item number MAH
100 ## - MAIN ENTRY--PERSONAL NAME
Personal name Maheshwari, M.C.
9 (RLIN) 108698
245 ## - TITLE STATEMENT
Title Stroke and rehabitationl /
Statement of responsibility, etc by M.C. Maheshwari [and] K.K. Singh
260 ## - PUBLICATION, DISTRIBUTION, ETC. (IMPRINT)
Place of publication, distribution, etc New Delhi
Name of publisher, distributor, etc National book trust
Date of publication, distribution, etc 1996
270 ## - ADDRESS
City New Delhi
Address A-5, Green park
Postal code 110016
300 ## - PHYSICAL DESCRIPTION
Extent ix,119p.:
Dimensions 21cm(Hb)
Other physical details ill.
490 ## - SERIES STATEMENT
Series statement Popular science
650 ## - SUBJECT ADDED ENTRY--TOPICAL TERM
Topical term or geographic name as entry element Brain anatomy
9 (RLIN) 108699
650 ## - SUBJECT ADDED ENTRY--TOPICAL TERM
Topical term or geographic name as entry element Psysiology
9 (RLIN) 108700
700 ## - ADDED ENTRY--PERSONAL NAME
Personal name K.K. Singh
9 (RLIN) 108701
942 ## - ADDED ENTRY ELEMENTS (KOHA)
Source of classification or shelving scheme Dewey Decimal Classification
Koha item type English Books
Classification part 616.81
Call number suffix MAH
Holdings
Withdrawn status Lost status Damaged status Not for loan Home library Current library Date acquired Source of acquisition Cost, normal purchase price Total Checkouts Full call number Barcode Date last seen Copy number Cost, replacement price Price effective from Koha item type Public note
Written off       Central Library Central Library 15/07/2015 Cen Lib/Ret 37.00   616.81 MAH A-806120 15/07/2015 1 37.00 15/07/2015 English Books Written off on approval by DLB (By Circulation); dtd 15-06-2023

© Delhi Public Library
Hit Counter
free hit counter